[Event "XXXIV Memorial Edoardo Crespi Magistrale"]
[Site "Milano ITA"]
[Date "2013.12.05"]
[Round "6"]
[White "Brociner, Beniamino"]
[Black "Loehnhardt, Benjamin"]
[WhiteElo "2072"]
[BlackElo "2029"]
[Result "0-1"]
[PlyCount "192"]
[EventDate "2013.11.30"]

1. Nf3 d5 2. d4 e6 3. c4 Nf6 4. g3 c6 5. Bg2 Nbd7 6. O-O Be7 7. Nbd2 O-O 8. Qc2
Qc7 9. e4 dxe4 10. Nxe4 Nxe4 11. Qxe4 Nf6 12. Qc2 Rd8 13. Bf4 Bd6 14. Be5 Nd7
15. Bxd6 Qxd6 16. Rfd1 Nf6 17. Qc3 Bd7 18. b4 Qc7 19. Rac1 a5 20. a3 axb4 21.
axb4 Ra2 22. Rc2 Rxc2 23. Qxc2 Ra8 24. Qb2 Qb6 25. Ne5 Ra4 26. Nxd7 Nxd7 27.
Rb1 Qa7 28. b5 Rxc4 29. bxc6 bxc6 30. Ra1 Qxd4 31. Ra8+ Nf8 32. Qxd4 Rxd4 33.
Bxc6 Rc4 34. Bb5 Rc7 35. Kg2 g5 36. Bd3 Kg7 37. Ra5 h6 38. f4 gxf4 39. gxf4 Rc3
40. Be4 Nd7 41. Ra7 Nf6 42. Bf3 Kg6 43. Ra5 Rc7 44. Kg3 Ng8 45. Be4+ Kg7 46. f5
exf5 47. Rxf5 Nf6 48. Bf3 Re7 49. h4 Rd7 50. Ra5 Rd6 51. Rb5 Ne8 52. Rc5 Rf6
53. Kg4 Nd6 54. Rc6 Nf5 55. Rxf6 Kxf6 56. Be4 Ng7 57. Bd5 Kg6 58. Bf3 f5+ 59.
Kf4 Kf6 60. Bd1 Ne6+ 61. Kg3 Ke5 62. Be2 Nf4 63. Bd1 Nd5 64. Kf3 Nc3 65. Bb3
Nb5 66. Kg3 Nd4 67. Bd1 Ke4 68. Kf2 Kf4 69. Bh5 Nb3 70. Bd1 Nc5 71. Bc2 Nd7 72.
Bb3 Ne5 73. Be6 Ng6 74. h5 Ne5 75. Bc8 Ng4+ 76. Kg2 Nf6 77. Kh3 Kg5 78. Kg3
Nxh5+ 79. Kf3 Nf6 80. Bb7 Ng4 81. Kg3 Ne5 82. Bd5 Ng6 83. Bb7 Kf6 84. Bf3 Kg5
85. Bb7 h5 86. Bc6 h4+ 87. Kh2 Kg4 88. Bd7 Ne5 89. Bc8 Nc4 90. Bd7 Ne3 91. Bc8
h3 92. Bd7 Kh4 93. Kh1 f4 94. Bc8 Kg3 95. Kg1 h2+ 96. Kh1 Nd1 0-1

[Event "XXXIV Memorial Edoardo Crespi Magistrale"]
[Site "Milano ITA"]
[Date "2013.12.05"]
[Round "6"]
[White "Calella, Sergio"]
[Black "Lavorgna, Giovanni"]
[WhiteElo "2029"]
[BlackElo "1995"]
[Result "1/2-1/2"]
[PlyCount "62"]
[EventDate "2013.11.30"]

1. e4 c5 2. Nf3 d6 3. d4 cxd4 4. Nxd4 Nf6 5. Nc3 Nc6 6. Bg5 e6 7. Qd2 Be7 8.
Be2 O-O 9. O-O-O Nxd4 10. Qxd4 Qa5 11. Bd2 Qc5 12. Qd3 Bd7 13. f4 Rac8 14. Kb1
Bc6 15. Bf3 Rfd8 16. g4 d5 17. e5 Ne4 18. Bxe4 dxe4 19. Qe3 Rd4 20. Bc1 Rcd8
21. Rxd4 Rxd4 22. Rd1 Rxd1 23. Nxd1 Qc4 24. Qxa7 h6 25. Qe3 Bc5 26. Qe1 Bb4 27.
Bd2 Bxd2 28. Qxd2 Qf1 29. Kc1 Qf3 30. Qf2 Qxg4 31. Ne3 Qg6 1/2-1/2

[Event "XXXIV Memorial Edoardo Crespi Magistrale"]
[Site "Milano ITA"]
[Date "2013.12.05"]
[Round "6"]
[White "De Verdier, Michael"]
[Black "Formento, Paolo"]
[WhiteElo "2371"]
[BlackElo "2175"]
[Result "0-1"]
[PlyCount "102"]
[EventDate "2013.11.30"]

1. Nf3 Nf6 2. g3 b6 3. d4 e6 4. Bg2 Bb7 5. c4 Bb4+ 6. Bd2 Bxd2+ 7. Qxd2 O-O 8.
O-O d6 9. Nc3 Nbd7 10. d5 e5 11. e4 Ne8 12. Ne1 g6 13. Nd3 Ng7 14. Rae1 Nc5 15.
f4 Nxd3 16. Qxd3 f6 17. Nd1 Bc8 18. Ne3 Bd7 19. f5 g5 20. Kf2 Kf7 21. Rh1 h5
22. h4 g4 23. Rc1 a5 24. b3 Ke7 25. Rc2 Qb8 26. Rhc1 Rc8 27. Kg1 Kf7 28. a3 Qa7
29. Kh2 Ne8 30. Qd2 Kg7 31. Bf1 c5 32. a4 Kf7 33. Be2 Ke7 34. Bxg4 hxg4 35.
Nxg4 Kd8 36. h5 Bxf5 37. exf5 Qh7 38. h6 Qxf5 39. Qe2 Ra7 40. Kg2 Qg6 41. Rh1
Rh7 42. Ne3 Rxh6 43. Rxh6 Qxh6 44. Nf5 Qg6 45. Qe4 Qg5 46. Rf2 Rc7 47. Qb1 Rd7
48. Qh1 Qg8 49. Qh3 Rh7 50. Nh4 Qg5 51. Rf5 Rxh4 0-1

[Event "XXXIV Memorial Edoardo Crespi Magistrale"]
[Site "Milano ITA"]
[Date "2013.12.05"]
[Round "6"]
[White "Gori, Andrea"]
[Black "Battistella, Stefano"]
[WhiteElo "2065"]
[BlackElo "2080"]
[Result "0-1"]
[PlyCount "98"]
[EventDate "2013.11.30"]

1. e4 c5 2. f4 g6 3. Nf3 Bg7 4. Nc3 Nc6 5. Bb5 Nd4 6. O-O Nxb5 7. Nxb5 d6 8. c4
a6 9. Nc3 Bd7 10. a4 Bc6 11. d3 e6 12. Qe1 Qe7 13. a5 Nf6 14. Rb1 Rd8 15. Be3
Ng4 16. Bd2 O-O 17. h3 Nh6 18. b4 cxb4 19. Nd1 Rfe8 20. Bxb4 Qc7 21. Bc3 f5 22.
Nd4 e5 23. Nxc6 Qxc6 24. Rb6 Qc7 25. fxe5 dxe5 26. Nf2 Rd7 27. Qe3 f4 28. Qf3
Nf7 29. Rfb1 Nd8 30. Kh2 Bf8 31. Ng4 Bg7 32. g3 Rf8 33. Bb4 Rff7 34. Kg2 h5 35.
Nf2 Nc6 36. Bc3 Qd8 37. g4 Qh4 38. R1b2 Bf6 39. Rb1 Bd8 40. R6b2 Bxa5 41. Bxa5
Nxa5 42. Nd1 Nc6 43. Qf2 Qg5 44. Qc5 hxg4 45. hxg4 Qxg4+ 46. Kf1 Rh7 47. Rg2
Rh1+ 48. Rg1 Qh3+ 49. Ke1 Qg3+ 0-1

[Event "XXXIV Memorial Edoardo Crespi Magistrale"]
[Site "Milano ITA"]
[Date "2013.12.05"]
[Round "6"]
[White "Iudicello, Giovanni"]
[Black "Di Chiara, Mauro"]
[WhiteElo "2134"]
[BlackElo "2007"]
[Result "1/2-1/2"]
[PlyCount "79"]
[EventDate "2013.11.30"]

1. e4 g6 2. d4 Bg7 3. Nc3 d6 4. Be3 Nf6 5. f3 O-O 6. Qd2 c6 7. Bd3 b5 8. Nge2
e5 9. dxe5 dxe5 10. O-O Be6 11. a4 b4 12. Nd1 Qe7 13. b3 Rd8 14. Nb2 c5 15. Bh6
Nc6 16. Bxg7 Kxg7 17. Rad1 a5 18. Ng3 Nd4 19. f4 exf4 20. Rxf4 Nd7 21. Nc4 Bxc4
22. Bxc4 Ne5 23. Bd5 Ra7 24. Rdf1 Ne6 25. Rf6 Rad7 26. h3 h6 27. Qe3 Nd4 28.
Rxf7+ Nxf7 29. Rxf7+ Qxf7 30. Bxf7 Rxf7 31. c3 Ne6 32. cxb4 axb4 33. Qe2 Rfd7
34. e5 Rd2 35. Qc4 Rd1+ 36. Kh2 R8d5 37. Qg4 Ng5 38. e6 R1d4 39. Qe2 Rd2 40.
Qe3 1/2-1/2

[Event "XXXIV Memorial Edoardo Crespi Magistrale"]
[Site "Milano ITA"]
[Date "2013.12.05"]
[Round "6"]
[White "Martinez, Rolly"]
[Black "Pavlidis, Anastasios"]
[WhiteElo "2422"]
[BlackElo "2342"]
[Result "1-0"]
[PlyCount "87"]
[EventDate "2013.11.30"]

1. e4 c5 2. Nc3 d6 3. f4 Nc6 4. Nf3 g6 5. Bb5 Bg7 6. Bxc6+ bxc6 7. O-O Nf6 8.
d3 O-O 9. Qe1 Ne8 10. Qh4 f5 11. e5 Nc7 12. b3 Nb5 13. Ne2 Nd4 14. Nexd4 cxd4
15. Bd2 c5 16. Rae1 h6 17. Qg3 dxe5 18. Nxe5 Bxe5 19. Rxe5 Qd6 20. Rfe1 Rf7 21.
Qh4 e6 22. Qxh6 Rg7 23. R1e2 Bd7 24. Be1 Rc8 25. Bh4 Qf8 26. Bg5 Qf7 27. Qh4
Rc6 28. Qe1 Bc8 29. h3 Rh7 30. Kh2 Rg7 31. c3 Qd7 32. c4 Rh7 33. a3 Qe8 34. Rd5
Bd7 35. b4 Qc8 36. Rde5 cxb4 37. axb4 Qb8 38. b5 Rc8 39. Ra2 Rc7 40. Qa1 Qb6
41. Ra6 Qb8 42. b6 Rb7 43. bxa7 Qa8 44. Qxd4 1-0

[Event "XXXIV Memorial Edoardo Crespi Magistrale"]
[Site "Milano ITA"]
[Date "2013.12.05"]
[Round "6"]
[White "Quaranta, Cristiano"]
[Black "Tramalloni, Luca"]
[WhiteElo "2169"]
[BlackElo "2067"]
[Result "1-0"]
[PlyCount "93"]
[EventDate "2013.11.30"]

1. g3 g6 2. Bg2 Bg7 3. c4 d6 4. Nc3 e5 5. d3 Ne7 6. e4 O-O 7. Nge2 Be6 8. Be3
Nbc6 9. Qd2 Qd7 10. Nd5 Nd4 11. h4 c6 12. Nxe7+ Qxe7 13. Nxd4 exd4 14. Bg5 f6
15. Bf4 d5 16. cxd5 cxd5 17. O-O dxe4 18. Bxe4 f5 19. Bg2 Qd7 20. Qa5 b6 21.
Qb4 Bd5 22. Qd6 Qxd6 23. Bxd6 Bxg2 24. Kxg2 Rfd8 25. Bf4 Rac8 26. Rac1 Kf7 27.
Rfe1 Rxc1 28. Rxc1 Rd7 29. Rc6 Re7 30. Kf3 Ke8 31. b3 Kd7 32. Rd6+ Kc8 33. h5
gxh5 34. Rd5 Rf7 35. a4 Kb7 36. b4 a6 37. Be5 Bxe5 38. Rxe5 Rc7 39. Rxf5 Rc3
40. Ke4 Ra3 41. a5 bxa5 42. bxa5 h4 43. gxh4 Ra4 44. Rc5 Ra1 45. f4 Rh1 46. Rh5
Kc6 47. Kxd4 1-0

[Event "XXXIV Memorial Edoardo Crespi Magistrale"]
[Site "Milano ITA"]
[Date "2013.12.05"]
[Round "6"]
[White "Rettore, Ludwig"]
[Black "D'Alfonso, Nicola"]
[WhiteElo "2139"]
[BlackElo "2032"]
[Result "1-0"]
[PlyCount "89"]
[EventDate "2013.11.30"]

1. Nf3 Nf6 2. d4 e6 3. Nbd2 d5 4. e3 c5 5. c3 Bd6 6. Bd3 Nbd7 7. O-O O-O 8. Re1
e5 9. e4 Re8 10. dxe5 Nxe5 11. Nxe5 Bxe5 12. exd5 Qxd5 13. Nf3 Bg4 14. Bxh7+
Kxh7 15. Qxd5 Nxd5 16. Nxe5 f6 17. h3 Bh5 18. g4 Bxg4 19. hxg4 Rxe5 20. Rxe5
fxe5 21. Kg2 Rd8 22. Bg5 Rd6 23. Kf3 Kg6 24. Be3 Nxe3 25. Kxe3 c4 26. f3 Kf6
27. Re1 Rd3+ 28. Kf2 a5 29. a4 Rd2+ 30. Re2 Rd1 31. Re4 Rd2+ 32. Re2 Rd1 33.
Ke3 Rd3+ 34. Ke4 Rd1 35. Ke3 Rd3+ 36. Ke4 Rd1 37. g5+ Ke6 38. f4 exf4 39. Kxf4+
Kd6 40. Kf5 Rd5+ 41. Kg6 b5 42. Rg2 bxa4 43. Kxg7 a3 44. bxa3 Rd3 45. Rc2 1-0

[Event "XXXIV Memorial Edoardo Crespi Magistrale"]
[Site "Milano ITA"]
[Date "2013.12.05"]
[Round "6"]
[White "Rusev, Krasimir"]
[Black "Naumkin, Igor"]
[WhiteElo "2539"]
[BlackElo "2460"]
[Result "1/2-1/2"]
[PlyCount "35"]
[EventDate "2013.11.30"]

1. d4 Nf6 2. c4 e6 3. Nf3 b6 4. a3 Bb7 5. Nc3 Ne4 6. Nxe4 Bxe4 7. e3 Be7 8. Be2
O-O 9. O-O f5 10. b3 Bf6 11. Bb2 a5 12. Nd2 Bb7 13. Qc2 c5 14. Rad1 Qe7 15.
Rfe1 Nc6 16. d5 Ne5 17. f4 Ng6 18. Bf3 1/2-1/2

[Event "XXXIV Memorial Edoardo Crespi Magistrale"]
[Site "Milano ITA"]
[Date "2013.12.05"]
[Round "6"]
[White "Sardo, Gabriele"]
[Black "Motola, Jacopo"]
[WhiteElo "2198"]
[BlackElo "2073"]
[Result "0-1"]
[PlyCount "108"]
[EventDate "2013.11.30"]

1. d4 Nf6 2. c4 e6 3. Nf3 c5 4. d5 exd5 5. cxd5 d6 6. Nc3 g6 7. e4 Bg7 8. h3
O-O 9. Bd3 Re8 10. O-O c4 11. Bc2 b5 12. Nxb5 Nxe4 13. Re1 a6 14. Na3 c3 15. b3
Nf6 16. Rxe8+ Nxe8 17. Nc4 Bb7 18. Be3 Nd7 19. Bd4 Bxd4 20. Qxd4 Qf6 21. Rd1
Qxd4 22. Rxd4 Rc8 23. Ne3 Nef6 24. Ne1 a5 25. Bd3 Nb6 26. Bc4 Nxc4 27. bxc4 Ba6
28. N1c2 Nd7 29. f4 Nb6 30. Rd3 Bxc4 31. Rxc3 Bxa2 32. Ra3 Bxd5 33. Rxa5 Be4
34. Nd4 Nc4 35. Nxc4 Rxc4 36. Nb5 Rc5 37. Nxd6 Rxa5 38. Nxe4 Ra4 39. Nf6+ Kg7
40. Ne8+ Kf8 41. Nf6 h5 42. f5 Ra6 43. Ne4 Ra4 44. Nf6 Ke7 45. Nh7 gxf5 46. Ng5
Rf4 47. Nf3 Rxf3 48. gxf3 Kf6 49. Kf2 Ke5 50. Kg3 h4+ 51. Kxh4 Kf4 52. Kh5 Kxf3
53. Kg5 Ke4 54. h4 f4 0-1

[Event "XXXIV Memorial Edoardo Crespi Magistrale"]
[Site "Milano ITA"]
[Date "2013.12.05"]
[Round "6"]
[White "Tonndorf, Matthias"]
[Black "Mrdja, Milan"]
[WhiteElo "2219"]
[BlackElo "2388"]
[Result "0-1"]
[PlyCount "131"]
[EventDate "2013.11.30"]

1. e4 e6 2. d4 d5 3. e5 c5 4. c3 Nc6 5. Nf3 Qb6 6. a3 c4 7. Nbd2 Na5 8. g3 Bd7
9. Nh4 O-O-O 10. Ng2 Ne7 11. Ne3 f6 12. f4 fxe5 13. fxe5 Nec6 14. Qe2 Be7 15.
h4 Rdf8 16. Bh3 Qd8 17. Ng2 Kb8 18. Rb1 Qe8 19. h5 Nd8 20. Nf4 g6 21. Bg4 Bg5
22. Nf3 Bxf4 23. Bxf4 Nf7 24. Rh3 Nc6 25. Kd2 Ne7 26. Rbh1 Nf5 27. hxg6 hxg6
28. Qg2 g5 29. Rxh8 Rxh8 30. Rxh8 Qxh8 31. Bxf5 gxf4 32. Bg6 Qh6 33. Bxf7 fxg3+
34. Ke2 Qh7 35. Qxg3 Qxf7 36. Qg5 Kc7 37. Ke3 Qh7 38. Kf4 a5 39. Qf6 Kb6 40.
Qd8+ Kb5 41. Qc7 Qh6+ 42. Kg4 Qg6+ 43. Kf4 Bc6 44. Qe7 Ka4 45. Qf6 Qc2 46. Qxe6
Qxb2 47. Qc8 Qc1+ 48. Kg3 Qxc3 49. e6 Qe3 50. Qf8 Qxe6 51. Ne5 Bd7 52. Qc5 Bb5
53. Kf4 b6 54. Qc7 Kb3 55. Qh7 Kxa3 56. Qb1 Qh6+ 57. Kf3 Qh3+ 58. Kf4 Qb3 59.
Qa1+ Kb4 60. Qe1+ c3 61. Ng4 Qb2 62. Ne3 Bc4 63. Ke5 a4 64. Kf6 a3 65. Qg3 Kb3
66. Qf4 0-1

[Event "XXXIV Memorial Edoardo Crespi Magistrale"]
[Site "Milano ITA"]
[Date "2013.12.06"]
[Round "7"]
[White "Andreoni, Giuseppe"]
[Black "Rettore, Ludwig"]
[WhiteElo "2082"]
[BlackElo "2139"]
[Result "1/2-1/2"]
[PlyCount "139"]
[EventDate "2013.11.30"]

1. e4 e5 2. Nf3 Nc6 3. Bb5 Nf6 4. Nc3 Bb4 5. O-O O-O 6. d3 d6 7. Bg5 Bxc3 8.
bxc3 Ne7 9. Nh4 c6 10. Ba4 Ng6 11. Nf5 h6 12. Bc1 a5 13. c4 Ne7 14. Ng3 Ng6 15.
Rb1 c5 16. Nf5 Ne7 17. f4 Nxf5 18. exf5 e4 19. g4 exd3 20. cxd3 Nh7 21. Qf3 Rb8
22. Bd2 Qf6 23. Qg3 Qd4+ 24. Qe3 Qf6 25. Rbd1 b5 26. Bxb5 Bb7 27. Be1 h5 28. d4
hxg4 29. dxc5 dxc5 30. Qxc5 Qh6 31. Qf2 Bf3 32. Rd4 Qf6 33. a4 Qxf5 34. Bxa5
Nf6 35. Bc7 Rbc8 36. Be5 Ne4 37. Qe3 Rfd8 38. c5 Rxd4 39. Bxd4 Nxc5 40. Qe5
Qxe5 41. Bxe5 Rd8 42. Bc3 Ne4 43. Ba5 Rc8 44. Bd3 Ra8 45. Bxe4 Bxe4 46. Be1
Rxa4 47. Bg3 f6 48. Rf2 Kf7 49. Rd2 Ke6 50. Kf2 Ra3 51. Rb2 Kd5 52. Ke2 Bf3+
53. Kd2 Kc4 54. Rc2+ Kd4 55. Bf2+ Ke4 56. Rc4+ Kf5 57. Bg3 Bd5 58. Rc7 g6 59.
Rc3 Rxc3 60. Kxc3 Ke4 61. Kb4 f5 62. Kc5 Ba2 63. Kd6 g5 64. fxg5 f4 65. Bh4 Kf5
66. g6 Kxg6 67. Ke5 Kh5 68. Be1 g3 69. hxg3 fxg3 70. Ke4 1/2-1/2

[Event "XXXIV Memorial Edoardo Crespi Magistrale"]
[Site "Milano ITA"]
[Date "2013.12.06"]
[Round "7"]
[White "Battistella, Stefano"]
[Black "Sardo, Gabriele"]
[WhiteElo "2080"]
[BlackElo "2198"]
[Result "0-1"]
[PlyCount "96"]
[EventDate "2013.11.30"]

1. e4 c5 2. c3 Nf6 3. e5 Nd5 4. d4 cxd4 5. Nf3 e6 6. cxd4 b6 7. Nc3 Nxc3 8.
bxc3 Qc7 9. Bd2 Be7 10. Bd3 Ba6 11. Bxa6 Nxa6 12. Qe2 Nb8 13. Qe4 Qc6 14. Qg4
Kf8 15. O-O h5 16. Qf4 Qc4 17. Qe4 Nc6 18. Ne1 g6 19. Nc2 Kg7 20. Rfe1 Qa4 21.
h4 Na5 22. Bg5 Bxg5 23. hxg5 Nc6 24. Ne3 Ne7 25. c4 Rac8 26. Rec1 Rc7 27. Qf4
Nf5 28. Nxf5+ gxf5 29. g6 fxg6 30. Qg5 Rf8 31. Rc3 Rg8 32. Rg3 Kh7 33. d5 Rxc4
34. dxe6 dxe6 35. Qe7+ Rg7 36. Qxe6 Rcc7 37. Rd3 f4 38. Rad1 Rge7 39. Qf6 Rf7
40. Qe6 Rce7 41. Qd5 Qe8 42. Qc4 Rxe5 43. Qc3 Qh8 44. Qb4 Qg7 45. Rd8 f3 46. g3
Qf6 47. Ra8 Qe6 48. Rdd8 Re1+ 0-1

[Event "XXXIV Memorial Edoardo Crespi Magistrale"]
[Site "Milano ITA"]
[Date "2013.12.06"]
[Round "7"]
[White "Calella, Sergio"]
[Black "Gori, Andrea"]
[WhiteElo "2029"]
[BlackElo "2065"]
[Result "0-1"]
[PlyCount "58"]
[EventDate "2013.11.30"]

1. e4 e5 2. Nf3 Nc6 3. d4 exd4 4. Bc4 Bb4+ 5. c3 dxc3 6. bxc3 Ba5 7. Qb3 Qe7 8.
O-O Nh6 9. e5 Bb6 10. Bg5 Na5 11. Qc2 Qc5 12. Bd3 Ng4 13. h3 Nxe5 14. Nxe5 Qxe5
15. Bh4 d5 16. Nd2 Be6 17. Nf3 Qh5 18. Rfe1 Nc6 19. Re2 O-O 20. Rae1 g6 21. Bg5
Bxh3 22. gxh3 Qxf3 23. Re3 Bxe3 24. Rxe3 Qh5 25. Rg3 Rfe8 26. Kg2 Re6 27. f4
Rae8 28. Rg4 Re3 29. Rh4 Qf3+ 0-1

[Event "XXXIV Memorial Edoardo Crespi Magistrale"]
[Site "Milano ITA"]
[Date "2013.12.06"]
[Round "7"]
[White "D'Alfonso, Nicola"]
[Black "Brociner, Beniamino"]
[WhiteElo "2032"]
[BlackElo "2072"]
[Result "0-1"]
[PlyCount "76"]
[EventDate "2013.11.30"]

1. d4 Nf6 2. c4 d6 3. Nc3 Nbd7 4. g3 e5 5. Nf3 Be7 6. Bg2 O-O 7. O-O c6 8. e4
a6 9. a4 a5 10. Qc2 Re8 11. h3 Qc7 12. b3 exd4 13. Nxd4 Bf8 14. Kh2 Nc5 15. Ba3
Bd7 16. f4 h5 17. Bxc5 dxc5 18. Nf3 g6 19. f5 gxf5 20. Nh4 Bd6 21. Nxf5 Bxf5
22. Rxf5 Bxg3+ 23. Kh1 Be5 24. Raf1 Re6 25. Qd2 Kf8 26. Ne2 Ke7 27. Qg5 Qd6 28.
Qc1 Rd8 29. Nc3 Qd3 30. Nd5+ cxd5 31. cxd5 Qg3 32. Qxc5+ Red6 33. Qg1 Rg8 34.
R1f3 Nxe4 35. Rxf7+ Ke8 36. R7f5 Rg4 37. Rxe5+ Qxe5 38. Qe3 Ng3+ 0-1

[Event "XXXIV Memorial Edoardo Crespi Magistrale"]
[Site "Milano ITA"]
[Date "2013.12.06"]
[Round "7"]
[White "Formento, Paolo"]
[Black "Bejtovic, Jasmin"]
[WhiteElo "2175"]
[BlackElo "2394"]
[Result "0-1"]
[PlyCount "114"]
[EventDate "2013.11.30"]

1. d4 Nf6 2. c4 g6 3. Nc3 Bg7 4. e4 d6 5. Nge2 O-O 6. Ng3 c5 7. d5 e6 8. f3 a6
9. a4 exd5 10. cxd5 Re8 11. Be2 h5 12. Bg5 Nbd7 13. O-O c4 14. Be3 Qc7 15. a5
b5 16. axb6 Nxb6 17. Rf2 Rb8 18. Bd4 Nbd7 19. Na4 Ne5 20. Rc1 Bd7 21. Bxe5 Rxe5
22. Bxc4 Qa7 23. Kf1 Bh6 24. Ra1 h4 25. Nh1 Be3 26. Rc2 Bf4 27. Qe2 Nh5 28. Qf2
Be3 29. Qxh4 Nf4 30. Nc3 Rh5 31. Qg3 Rb4 32. b3 Rxc4 33. bxc4 Qd4 34. Raa2 Qd3+
35. Ke1 Qxc4 36. Nf2 Rg5 37. Qxg5 Nd3+ 38. Nxd3 Bxg5 39. Nc1 Qd4 40. N1e2 Qd3
41. Nd1 Bb5 42. Rc3 Qb1 43. Rb2 Qa1 44. Rcc2 Bf6 45. Ra2 Qe5 46. h3 Bh4+ 47.
Kd2 Bg5+ 48. Ne3 Qh2 49. Nd4 Qg1 50. Ra3 Qxg2+ 51. Kc3 Qg1 52. Ng4 Qe1+ 53. Kb3
Qb1+ 54. Kc3 Bf1 55. e5 dxe5 56. Nc6 Bh4 57. Rb2 Qc1+ 0-1

[Event "XXXIV Memorial Edoardo Crespi Magistrale"]
[Site "Milano ITA"]
[Date "2013.12.06"]
[Round "7"]
[White "Gagliardi, Christian"]
[Black "Quaranta, Cristiano"]
[WhiteElo "2216"]
[BlackElo "2169"]
[Result "1/2-1/2"]
[PlyCount "75"]
[EventDate "2013.11.30"]

1. e4 c5 2. Nc3 a6 3. f4 b5 4. g3 Bb7 5. Bg2 e6 6. d3 d5 7. Qe2 d4 8. Nd1 Nc6
9. Nf3 Nf6 10. O-O Be7 11. Nf2 Rc8 12. a3 Qb6 13. g4 h5 14. g5 Ng4 15. Nd1 c4
16. h3 cxd3 17. Qxd3 Ne3 18. Nxe3 dxe3 19. Bxe3 Bc5 20. Bxc5 Qxc5+ 21. Rf2 Rd8
22. Qe2 Nd4 23. Nxd4 Qxd4 24. c3 Qd3 25. Re1 Ke7 26. Qxd3 Rxd3 27. Bf1 Rg3+ 28.
Kh2 h4 29. Bg2 Rd8 30. Ref1 Rdd3 31. f5 exf5 32. exf5 Bxg2 33. Rxg2 Rxg2+ 34.
Kxg2 Rg3+ 35. Kh2 Rxg5 36. Rf4 Kf6 37. Rxh4 Rxf5 38. Kg2 1/2-1/2

[Event "XXXIV Memorial Edoardo Crespi Magistrale"]
[Site "Milano ITA"]
[Date "2013.12.06"]
[Round "7"]
[White "Lavorgna, Giovanni"]
[Black "Iudicello, Giovanni"]
[WhiteElo "1995"]
[BlackElo "2134"]
[Result "0-1"]
[PlyCount "44"]
[EventDate "2013.11.30"]

1. e4 e5 2. Nf3 Nc6 3. Bb5 a6 4. Ba4 Nf6 5. d3 b5 6. Bb3 Be7 7. O-O d6 8. c3
O-O 9. Re1 Na5 10. Bc2 c5 11. Nbd2 Qc7 12. Nf1 Bd7 13. Ng3 Rfe8 14. h3 Nc6 15.
Bg5 h6 16. Be3 d5 17. d4 cxd4 18. cxd4 exd4 19. Nxd4 Bb4 20. Nxc6 Bxe1 21. exd5
Rxe3 22. fxe3 Bxg3 0-1

[Event "XXXIV Memorial Edoardo Crespi Magistrale"]
[Site "Milano ITA"]
[Date "2013.12.06"]
[Round "7"]
[White "Loehnhardt, Benjamin"]
[Black "Aleksic, Nenad"]
[WhiteElo "2029"]
[BlackElo "2351"]
[Result "1/2-1/2"]
[PlyCount "71"]
[EventDate "2013.11.30"]

1. d4 Nf6 2. c4 e6 3. g3 Bb4+ 4. Bd2 a5 5. Bg2 O-O 6. a3 Bxd2+ 7. Nxd2 d6 8.
Ngf3 b6 9. Qc2 Bb7 10. O-O Nbd7 11. e4 e5 12. d5 a4 13. Ne1 Nc5 14. Nd3 Nxd3
15. Qxd3 Nd7 16. b4 axb3 17. Nxb3 Ra4 18. Bh3 Bc8 19. Qc2 Ba6 20. Nd2 Nc5 21.
Rfb1 Bc8 22. Bxc8 Qxc8 23. Nb3 Qa6 24. Nxc5 bxc5 25. Rb5 Rxa3 26. Rxa3 Qxa3 27.
Rb7 Qf3 28. Rb3 Qh5 29. Qb1 f5 30. Rb8 fxe4 31. Rxf8+ Kxf8 32. Qxe4 h6 33. Qb1
Qe8 34. Qe4 Qf7 35. Qg4 Kg8 36. h4 1/2-1/2

[Event "XXXIV Memorial Edoardo Crespi Magistrale"]
[Site "Milano ITA"]
[Date "2013.12.06"]
[Round "7"]
[White "Mrdja, Milan"]
[Black "Bemporad, Filippo"]
[WhiteElo "2388"]
[BlackElo "2026"]
[Result "1/2-1/2"]
[PlyCount "102"]
[EventDate "2013.11.30"]

1. e4 c5 2. Nf3 d6 3. d4 cxd4 4. Nxd4 Nf6 5. Nc3 e6 6. Be2 Be7 7. O-O O-O 8. f4
a6 9. Be3 Qc7 10. Kh1 b5 11. e5 Ne8 12. Bf3 Bb7 13. Qe1 Nd7 14. Qg3 Rc8 15. a3
Nb6 16. Bxb7 Qxb7 17. Rae1 Qc7 18. Qh3 Nc4 19. Nxe6 Qd7 20. Nxf8 Qxh3 21. gxh3
Kxf8 22. exd6 Nexd6 23. Nd5 Bh4 24. Rb1 Ne4 25. Rbd1 Nxe3 26. Nxe3 Nf2+ 27. Kg2
Nxd1 28. Rxd1 Be7 29. Kf3 Rc6 30. Rd3 Rh6 31. Kg2 Rg6+ 32. Kf1 Bc5 33. Ng2 Ke7
34. c3 Bb6 35. Rg3 Rd6 36. Ke2 g6 37. Ne1 Re6+ 38. Kf1 Kd6 39. Rd3+ Kc6 40. Ng2
f5 41. h4 h5 42. h3 Re4 43. Rg3 Re6 44. Ne1 Kd5 45. Nd3 Ke4 46. Ke2 a5 47. Kd2
Rd6 48. Ke2 Re6 49. Kd2 Rd6 50. Ke2 Re6 51. Kd2 Kd5 1/2-1/2

[Event "XXXIV Memorial Edoardo Crespi Magistrale"]
[Site "Milano ITA"]
[Date "2013.12.06"]
[Round "7"]
[White "Naumkin, Igor"]
[Black "Martinez, Rolly"]
[WhiteElo "2460"]
[BlackElo "2422"]
[Result "1/2-1/2"]
[PlyCount "59"]
[EventDate "2013.11.30"]

1. d4 Nf6 2. c4 e6 3. Nf3 d5 4. Nc3 Be7 5. Bg5 h6 6. Bh4 O-O 7. e3 Ne4 8. Bxe7
Qxe7 9. Rc1 c6 10. Bd3 Nxc3 11. Rxc3 Nd7 12. cxd5 exd5 13. O-O Nf6 14. Ne5 Ne4
15. Bxe4 dxe4 16. Qc2 Re8 17. a3 f6 18. Ng6 Qf7 19. Nf4 Bg4 20. b4 a6 21. Rc5
Rad8 22. Rc1 g5 23. Ne2 Bxe2 24. Qxe2 Rd5 25. Rxd5 cxd5 26. b5 axb5 27. Qxb5
Kg7 28. h3 h5 29. Qa5 Re7 30. Rc8 1/2-1/2

[Event "XXXIV Memorial Edoardo Crespi Magistrale"]
[Site "Milano ITA"]
[Date "2013.12.06"]
[Round "7"]
[White "Pelizzola, Danilo"]
[Black "Tonndorf, Matthias"]
[WhiteElo "2117"]
[BlackElo "2219"]
[Result "0-1"]
[PlyCount "104"]
[EventDate "2013.11.30"]

1. e4 c5 2. Nf3 e6 3. d4 cxd4 4. Nxd4 a6 5. g3 Nc6 6. Bg2 Bc5 7. Nxc6 bxc6 8.
O-O Ne7 9. c4 O-O 10. Nc3 e5 11. Kh1 d6 12. Rb1 Be6 13. Qe2 Bd4 14. Bd2 a5 15.
b3 f6 16. Qd3 Qb6 17. Ne2 c5 18. f4 Nc6 19. Nxd4 cxd4 20. f5 Bf7 21. a3 Qa6 22.
Rfc1 Rfc8 23. Bf1 Nb8 24. g4 h6 25. h4 Nd7 26. g5 hxg5 27. hxg5 fxg5 28. Bxg5
Qc6 29. Qf3 Nf6 30. Bd3 Kf8 31. Rb2 Ke7 32. Rh2 Rh8 33. Rcc2 Qc5 34. Bc1 Qb6
35. Rb2 Rxh2+ 36. Kxh2 Rh8+ 37. Kg1 Rh4 38. Bg5 Bh5 39. Bxf6+ gxf6 40. Qf2 Rg4+
41. Kh1 Qd8 42. Qe1 Qg8 43. Rh2 Qg5 44. Bc2 Rh4 45. Bd1 Rxh2+ 46. Kxh2 Qc1 47.
Qxa5 Qxd1 48. Qc7+ Kf8 49. Qxd6+ Kg7 50. Qe7+ Bf7 51. c5 Qc2+ 52. Kg3 d3 0-1

[Event "XXXIV Memorial Edoardo Crespi Magistrale"]
[Site "Milano ITA"]
[Date "2013.12.06"]
[Round "7"]
[White "Sanchez, Joseph"]
[Black "Rusev, Krasimir"]
[WhiteElo "2529"]
[BlackElo "2539"]
[Result "1/2-1/2"]
[PlyCount "28"]
[EventDate "2013.11.30"]

1. e4 e5 2. Nf3 d6 3. d4 exd4 4. Nxd4 Nf6 5. Nc3 Be7 6. Be2 O-O 7. O-O Re8 8.
f4 Bf8 9. Bf3 c6 10. Nde2 Na6 11. Kh1 Nc7 12. f5 h6 13. Bf4 d5 14. e5 Nd7
1/2-1/2

[Event "XXXIV Memorial Edoardo Crespi Magistrale"]
[Site "Milano ITA"]
[Date "2013.12.06"]
[Round "7"]
[White "Tramalloni, Luca"]
[Black "Di Chiara, Mauro"]
[WhiteElo "2067"]
[BlackElo "2007"]
[Result "1-0"]
[PlyCount "57"]
[EventDate "2013.11.30"]

1. d4 g6 2. c4 Bg7 3. e4 d6 4. Nc3 Nf6 5. Be2 O-O 6. Bg5 h6 7. Be3 Nc6 8. d5
Ne5 9. f4 Ned7 10. Nf3 c6 11. O-O cxd5 12. cxd5 Nc5 13. e5 Nfd7 14. Bd4 Qc7 15.
Rc1 Qb8 16. Qc2 Nb6 17. e6 Nxe6 18. dxe6 Bxe6 19. Bxg7 Kxg7 20. Nd4 Bd7 21. f5
Qd8 22. Bd3 g5 23. Qe2 Na4 24. Nxa4 Bxa4 25. f6+ exf6 26. Qe4 Re8 27. Qh7+ Kf8
28. Nf5 Qb6+ 29. Kh1 1-0

[Event "XXXIV Memorial Edoardo Crespi Magistrale"]
[Site "Milano ITA"]
[Date "2013.12.06"]
[Round "7"]
[White "Vezzosi, Paolo"]
[Black "Nicolo', Filippo"]
[WhiteElo "2263"]
[BlackElo "2071"]
[Result "0-1"]
[PlyCount "74"]
[EventDate "2013.11.30"]

1. d4 d5 2. Nf3 Nf6 3. c4 dxc4 4. e3 Bg4 5. Bxc4 e6 6. h3 Bh5 7. Qb3 Bxf3 8.
gxf3 Nbd7 9. Nc3 Bd6 10. f4 c5 11. Qxb7 O-O 12. O-O cxd4 13. exd4 Rb8 14. Qf3
Qa5 15. Rd1 Nb6 16. Bb3 Qf5 17. Qd3 Qh5 18. Kg2 Nbd5 19. Ne2 Rfc8 20. Bd2 Bb4
21. Qf3 Bxd2 22. Rxd2 Qf5 23. Kh2 h6 24. Rg1 Kh8 25. Qg3 Nh5 26. Qg4 Qxg4 27.
Rxg4 f5 28. Bxd5 fxg4 29. Bxe6 Rd8 30. hxg4 Nf6 31. f3 Rb6 32. f5 Nd5 33. Kg3
Nc7 34. Bc4 Rbd6 35. Kf4 a6 36. a4 Nd5+ 37. Kg3 Ne3 0-1